Sociálna práca a etika

Základné otázky v oblasti etiky sociálnej práce. Predmet sociálnej práce, jej výkon a hodnoty. Technické, právne, empirické a etické faktory v sociálnej práci. Úloha etiky ako súčasti rozhodovania v praktických situáciách.

Guardado en:
Detalles Bibliográficos
Autor principal: Palovičová, Zuzana
Formato: Capítulo de libro
Lenguaje:eslovaco
Materias:
Etiquetas: Agregar Etiqueta
Sin Etiquetas, Sea el primero en etiquetar este registro!

MARC

LEADER 00000naa a2200000 4500
001 0126114
005 20231204092400.1
041 0 |a slo 
044 |a SK 
245 1 0 |a Sociálna práca a etika  |c Zuzana Palovičová 
520 |a Základné otázky v oblasti etiky sociálnej práce. Predmet sociálnej práce, jej výkon a hodnoty. Technické, právne, empirické a etické faktory v sociálnej práci. Úloha etiky ako súčasti rozhodovania v praktických situáciách. 
610 2 0 |a filozofia 
610 2 0 |a morálka 
610 2 0 |a etika 
610 2 0 |a hodnota 
610 2 0 |a smery etické 
610 2 0 |a spravodlivosť sociálna 
610 2 0 |a vedomie sociálne 
610 2 0 |a vedomie spoločenské 
100 1 |a Palovičová, Zuzana